<?xml version="1.0" encoding="UTF-8"?>
<record
    xmlns:xsi="http://www.w3.org/2001/XMLSchema-instance"
    xsi:schemaLocation="http://www.loc.gov/MARC21/slim http://www.loc.gov/standards/marcxml/schema/MARC21slim.xsd"
    xmlns="http://www.loc.gov/MARC21/slim">

  <leader>01148nam a2200253 i 4500</leader>
  <controlfield tag="001">190228</controlfield>
  <controlfield tag="003">ES-MaACL</controlfield>
  <controlfield tag="005">20250901230203.0</controlfield>
  <controlfield tag="008">200917s1871    sp           |||| | spa d</controlfield>
  <datafield tag="080" ind1=" " ind2=" ">
    <subfield code="a">633/635(460.353)(060.64)</subfield>
  </datafield>
  <datafield tag="080" ind1=" " ind2=" ">
    <subfield code="a">62/69(460.353)(060.64)</subfield>
  </datafield>
  <datafield tag="110" ind1="2" ind2=" ">
    <subfield code="a">Junta de Agricultura, Industria y Comercio (Sevilla)</subfield>
    <subfield code="9">170332</subfield>
  </datafield>
  <datafield tag="245" ind1="1" ind2="0">
    <subfield code="a">Reglamento provisional para la Exposici&#xF3;n permanente y Centro de Contrataci&#xF3;n : </subfield>
    <subfield code="b">aprobado por la Junta, en sesi&#xF3;n de 5 de marzo de este a&#xF1;o / </subfield>
    <subfield code="c">Junta de Agricultura, Industria y Comercio de la Provincia de Sevilla.</subfield>
  </datafield>
  <datafield tag="260" ind1=" " ind2=" ">
    <subfield code="a">Sevilla : </subfield>
    <subfield code="b">[s.n.], </subfield>
    <subfield code="c">1871 (</subfield>
    <subfield code="f">Imp. y Litograf&#xED;a de El Porvenir)</subfield>
  </datafield>
  <datafield tag="300" ind1=" " ind2=" ">
    <subfield code="a">11 p. ; </subfield>
    <subfield code="c">21 cm.</subfield>
  </datafield>
  <datafield tag="530" ind1=" " ind2=" ">
    <subfield code="a">Disponible en formato digital.</subfield>
  </datafield>
  <datafield tag="650" ind1=" " ind2="4">
    <subfield code="a">Productos agr&#xED;colas-</subfield>
    <subfield code="z">Sevilla (Provincia)-</subfield>
    <subfield code="z">Exposiciones.</subfield>
    <subfield code="9">170333</subfield>
  </datafield>
  <datafield tag="650" ind1=" " ind2="4">
    <subfield code="a">Productos industriales-</subfield>
    <subfield code="z">Sevilla (Provincia)-</subfield>
    <subfield code="v">Exposiciones.</subfield>
    <subfield code="9">170334</subfield>
  </datafield>
  <datafield tag="655" ind1=" " ind2="7">
    <subfield code="2">tgfbne</subfield>
    <subfield code="9">193628</subfield>
    <subfield code="a">Cat&#xE1;logos de exposiciones</subfield>
  </datafield>
  <datafield tag="852" ind1="4" ind2=" ">
    <subfield code="a">ES-MaACL</subfield>
    <subfield code="j">T-115-F-12</subfield>
  </datafield>
  <datafield tag="856" ind1="4" ind2=" ">
    <subfield code="u">http://bdh-rd.bne.es/viewer.vm?id=0000075818&amp;page=1 </subfield>
    <subfield code="z">Biblioteca Digital Hisp&#xE1;nica</subfield>
  </datafield>
  <datafield tag="942" ind1=" " ind2=" ">
    <subfield code="2">udc</subfield>
  </datafield>
  <datafield tag="999" ind1=" " ind2=" ">
    <subfield code="c">190228</subfield>
    <subfield code="d">190228</subfield>
  </datafield>
  <datafield tag="952" ind1=" " ind2=" ">
    <subfield code="0">0</subfield>
    <subfield code="1">0</subfield>
    <subfield code="4">0</subfield>
    <subfield code="7">0</subfield>
    <subfield code="8">Colecci&#xF3;n_de_folletos</subfield>
    <subfield code="a">ATENEOM</subfield>
    <subfield code="b">ATENEOM</subfield>
    <subfield code="c">DEPOF</subfield>
    <subfield code="d">2005-05-22</subfield>
    <subfield code="e">SC</subfield>
    <subfield code="l">0</subfield>
    <subfield code="o">T-115-F-12</subfield>
    <subfield code="p">1202027</subfield>
    <subfield code="r">2023-02-23 00:00:00</subfield>
    <subfield code="w">2023-02-23</subfield>
    <subfield code="y">FOLLETOS</subfield>
  </datafield>
</record>
